[Event "LSS SE-2010-0-00050"]
[Site "LSS email"]
[Date "2010.06.26"]
[Round "?"]
[White "Billion, Paul"]
[Black "Saunders, Barrie"]
[Result "0-1"]
[WhiteElo "1126"]
[BlackElo "1271"]
[PlyCount "76"]
[EventDate "2010.05.15"]
[EventType "tourn (corr)"]
[EventRounds "6"]
[EventCountry "GER"]
[SourceTitle "Telechess CBM 141"]
[Source "ChessBase"]
[SourceDate "2011.03.17"]
[SourceVersion "1"]
[SourceVersionDate "2011.03.17"]
[SourceQuality "1"]

1. d4 d6 2. c4 g6 3. Nc3 Bg7 4. Nf3 Nf6 5. e4 Bg4 6. Be2 c6 7. 0-0 0-0 8. Be3 Nbd7 9. Rb1 e5 10. d5 cxd5 11. cxd5 a6 12. a3 Rc8 13. Rc1 Nc5 14. Nd2 Bxe2 15. Qxe2 b5 16. b4 Ncd7 17. Nb3 Nb6 18. Na5 Nc4 19. Nc6 Qd7 20. Ra1 Kh8 21. Qf3 Ng4 22. Rfe1 Ngxe3 23. fxe3 f5 24. Qh3 Rf7 25. Ra2 Rcf8 26. Rf2 fxe4 27. Qxd7 Rxd7 28. Nxe4 Nxa3 29. Ra2 Nc4 30. Rxa6 Bh6 31. Kh1 Nxe3 32. Na5 Nxd5 33. Nxd6 Nxb4 34. Rb6 Nd3 35. Rb1 Be3 36. Rc6 Nf2+ 37. Kg1 Nd1+ 38. Kh1 Rf1# 0-1

[Event "ZL-2010-0-00717"]
[Site "LSS email"]
[Date "2010.05.31"]
[Round "?"]
[White "Klapp, Ulrich"]
[Black "Saunders, Barrie"]
[Result "1/2-1/2"]
[WhiteElo "1272"]
[BlackElo "1248"]
[PlyCount "91"]
[EventDate "2010.05.15"]
[EventType "match (corr)"]
[EventRounds "2"]
[EventCountry "GER"]
[SourceTitle "Telechess CBM 141"]
[Source "ChessBase"]
[SourceDate "2011.03.17"]
[SourceVersion "1"]
[SourceVersionDate "2011.03.17"]
[SourceQuality "1"]

1. d4 d6 2. c4 g6 3. Nf3 Bg7 4. Nc3 c6 5. e3 Bg4 6. Be2 Nf6 7. 0-0 0-0 8. h3 Bxf3 9. Bxf3 Nbd7 10. Re1 a6 11. Bd2 e5 12. d5 cxd5 13. Nxd5 Nxd5 14. Bxd5 Nb6 15. Ba5 Qc7 16. Rc1 Bf6 17. Qf3 Bd8 18. b3 Rb8 19. Rcd1 Qe7 20. a4 Nxd5 21. Rxd5 Bxa5 22. Rxa5 Rbc8 23. Qe4 Rc5 24. Rxc5 dxc5 25. Rd1 Re8 26. Qd5 Kg7 27. Qd7 e4 28. Rd5 Qxd7 29. Rxd7 b6 30. Kf1 Re6 31. g4 g5 32. Ke2 Rf6 33. Rd5 h6 34. a5 Rc6 35. Kd2 bxa5 36. Kc3 f6 37. Rd7+ Kf8 38. Rh7 f5 39. gxf5 Rf6 40. Rh8+ Ke7 41. Ra8 Rxf5 42. Rxa6 Rxf2 43. Rxa5 Re2 44. Rxc5 Rxe3+ 45. Kb4 Kd6 46. Rd5+ 1/2-1/2

[Event "ZL-2010-0-00717"]
[Site "LSS email"]
[Date "2010.05.31"]
[Round "?"]
[White "Saunders, Barrie"]
[Black "Klapp, Ulrich"]
[Result "1-0"]
[WhiteElo "1258"]
[BlackElo "1269"]
[PlyCount "79"]
[EventDate "2010.05.15"]
[EventType "match (corr)"]
[EventRounds "2"]
[EventCountry "GER"]
[SourceTitle "Telechess CBM 141"]
[Source "ChessBase"]
[SourceDate "2011.03.17"]
[SourceVersion "1"]
[SourceVersionDate "2011.03.17"]
[SourceQuality "1"]

1. e4 c5 2. d4 cxd4 3. c3 dxc3 4. Nxc3 Nc6 5. Bc4 Nf6 6. Nf3 e6 7. 0-0 Qc7 8. Nb5 Qb8 9. Nc3 Bd6 10. h3 0-0 11. a3 Re8 12. Re1 a6 13. b4 Qc7 14. Qb3 Ne5 15. Be2 b5 16. Bb2 Bb7 17. Rac1 Qb6 18. Nxe5 Bxe5 19. Bf3 Rac8 20. Qd1 Red8 21. Na4 Bxb2 22. Nxb6 Rxc1 23. Qd2 Rxe1+ 24. Qxe1 d5 25. Qd2 Be5 26. exd5 exd5 27. Qe3 Re8 28. Qc5 Ne4 29. Bxe4 dxe4 30. Nd7 Bb2 31. Qd6 Bxa3 32. Nb6 e3 33. fxe3 h6 34. Qd7 Rxe3 35. Qxb7 Re1+ 36. Kf2 Bxb4 37. Nd5 Bd2 38. Qc8+ Kh7 39. Qc2+ g6 40. Qxd2 1-0

[Event "LSS SE-2009-0-00037"]
[Site "LSS email"]
[Date "2010.01.10"]
[Round "?"]
[White "Saunders, Barrie"]
[Black "Czekala, Franciszek"]
[Result "0-1"]
[WhiteElo "1303"]
[BlackElo "1632"]
[PlyCount "90"]
[EventDate "2009.11.22"]
[EventType "tourn (corr)"]
[EventRounds "6"]
[EventCountry "GER"]
[SourceTitle "Corr 2013"]
[Source "ChessBase"]
[SourceDate "2012.11.12"]
[SourceVersion "1"]
[SourceVersionDate "2012.11.12"]
[SourceQuality "1"]
[WhiteTeam "US of America"]
[BlackTeam "US of America"]
[WhiteTeamCountry "USA"]
[BlackTeamCountry "USA"]

1. e4 e5 2. Bc4 Nf6 3. d4 exd4 4. Nf3 Nxe4 5. Qxd4 Nf6 6. Nc3 Be7 7. Bg5 c6 8. 0-0-0 d5 9. Qh4 h6 10. Rhe1 Be6 11. Bd3 Na6 12. Bxa6 bxa6 13. Nd4 0-0 14. Bxh6 Ng4 15. Qh3 Bd7 16. Bxg7 Kxg7 17. Nxc6 Bg5+ 18. Kb1 Nxf2 19. Nxd8 Bxh3 20. Rxd5 Bxd8 21. gxh3 Nxh3 22. Rf1 Re8 23. Rd7 Re7 24. Rd3 Ng5 25. Rg3 Kh6 26. Kc1 Bc7 27. Rg2 Rd8 28. Ne2 Rde8 29. Kd1 Rd7+ 30. Kc1 Re4 31. c3 Be5 32. Kc2 a5 33. Ng1 f6 34. Nf3 Rf4 35. Nxe5 fxe5 36. Rxf4 exf4 37. Rf2 Rf7 38. Rf1 Kh5 39. c4 f3 40. Kd2 Kg4 41. Ke3 Re7+ 42. Kd3 Kf4 43. c5 Ne4 44. c6 Re6 45. c7 Rd6+ 0-1

[Event "LSS SE-2009-0-00035"]
[Site "LSS email"]
[Date "2009.12.27"]
[Round "?"]
[White "Ferluga, Sergio"]
[Black "Saunders, Barrie"]
[Result "1-0"]
[WhiteElo "1296"]
[BlackElo "1318"]
[PlyCount "35"]
[EventDate "2009.10.18"]
[EventType "tourn (corr)"]
[EventRounds "6"]
[EventCountry "GER"]
[SourceTitle "Telechess CBM 137"]
[Source "ChessBase"]
[SourceDate "2010.07.15"]
[SourceVersion "1"]
[SourceVersionDate "2010.07.15"]
[SourceQuality "1"]

1. e4 d6 2. d4 g6 3. Nc3 c6 4. Be3 Bg7 5. Qd2 Qa5 6. Bd3 b5 7. Nf3 Nf6 8. 0-0 0-0 9. Nd5 Qxd2 10. Nxe7+ Kh8 11. Bxd2 Bb7 12. e5 dxe5 13. Nxe5 Nh5 14. Rfe1 Bf6 15. Bh6 Bxe7 16. Nxg6+ fxg6 17. Rxe7 Rd8 18. g4 1-0

[Event "LSS SE-2009-0-00035"]
[Site "LSS email"]
[Date "2009.12.27"]
[Round "?"]
[White "Saunders, Barrie"]
[Black "Paluch, Andrzej"]
[Result "0-1"]
[WhiteElo "1303"]
[BlackElo "1558"]
[PlyCount "78"]
[EventDate "2009.10.18"]
[EventType "tourn (corr)"]
[EventRounds "6"]
[EventCountry "GER"]
[SourceTitle "Corr 2013"]
[Source "ChessBase"]
[SourceDate "2012.11.12"]
[SourceVersion "1"]
[SourceVersionDate "2012.11.12"]
[SourceQuality "1"]
[WhiteTeam "US of America"]
[BlackTeam "US of America"]
[WhiteTeamCountry "USA"]
[BlackTeamCountry "USA"]

1. e4 e5 2. Bc4 Nf6 3. d4 exd4 4. Nf3 Nc6 5. 0-0 Nxe4 6. Re1 d5 7. Bxd5 Qxd5 8. Nc3 Qa5 9. Nxe4 Be6 10. Bd2 Qf5 11. Bg5 h6 12. Qd3 Qa5 13. Bh4 g5 14. Nf6+ Ke7 15. b4 Nxb4 16. Qxd4 Bg7 17. Nd5+ Kf8 18. Qxb4+ Qxb4 19. Nxb4 Bxa1 20. Rxa1 gxh4 21. Nxh4 Rd8 22. Nd3 Rd4 23. Nf3 Rc4 24. Nfe1 Kg7 25. a3 Bf5 26. f3 Re8 27. Kf2 Bxd3 28. cxd3 Rc3 29. f4 b5 30. Ra2 a5 31. g4 b4 32. axb4 axb4 33. Rb2 b3 34. Rb1 c5 35. h3 h5 36. gxh5 Kh6 37. Kf1 Kxh5 38. f5 Kg5 39. Kf2 Kxf5 0-1

[Event "LSS SE-2009-0-00034"]
[Site "LSS email"]
[Date "2009.12.10"]
[Round "?"]
[White "Baticulon, Nestor"]
[Black "Saunders, Barrie"]
[Result "1-0"]
[WhiteElo "1285"]
[BlackElo "1303"]
[PlyCount "161"]
[EventDate "2009.09.30"]
[EventType "tourn (corr)"]
[EventRounds "6"]
[EventCountry "GER"]
[SourceTitle "Corr 2013"]
[Source "ChessBase"]
[SourceDate "2012.11.12"]
[SourceVersion "1"]
[SourceVersionDate "2012.11.12"]
[SourceQuality "1"]
[WhiteTeam "US of America"]
[BlackTeam "US of America"]
[WhiteTeamCountry "USA"]
[BlackTeamCountry "USA"]

1. e4 d6 2. d4 g6 3. Nf3 Bg7 4. Bc4 Nf6 5. Nc3 c6 6. 0-0 0-0 7. h3 Nbd7 8. e5 dxe5 9. dxe5 Nd5 10. Bxd5 cxd5 11. Qxd5 Nxe5 12. Nxe5 Qxd5 13. Nxd5 Bxe5 14. Nxe7+ Kg7 15. Nxc8 Raxc8 16. c3 Rcd8 17. Be3 b6 18. Rad1 Rfe8 19. a4 h6 20. a5 bxa5 21. Bxa7 a4 22. Bc5 Bf6 23. Rxd8 Rxd8 24. Ra1 Rd2 25. Rxa4 Rxb2 26. Bd4 Rc2 27. g3 Bxd4 28. cxd4 Kf6 29. Kg2 Ke6 30. Ra6+ Kd5 31. Ra5+ Kxd4 32. Ra7 Kd5 33. Rxf7 Ke6 34. Rf3 Ke5 35. g4 Rc6 36. Rf8 g5 37. Rf5+ Kd4 38. h4 gxh4 39. Kh3 Rc1 40. Kxh4 Rh1+ 41. Kg3 Rg1+ 42. Kf4 Rf1 43. f3 Rb1 44. Rf6 Rh1 45. Rd6+ Kc5 46. Rd2 Rh3 47. Ke4 Kc4 48. f4 Kc3 49. Re2 Rh4 50. Kf5 Kd3 51. Re8 Rh1 52. Re6 Kd4 53. g5 hxg5 54. fxg5 Rf1+ 55. Kg6 Kd5 56. Re2 Rg1 57. Kh6 Rh1+ 58. Kg7 Rg1 59. g6 Kd6 60. Rh2 Ke6 61. Kh6 Kf6 62. Kh7 Rg3 63. Rf2+ Ke7 64. Rf7+ Ke8 65. Ra7 Rg2 66. Kg7 Rg1 67. Ra8+ Ke7 68. Rh8 Ke6 69. Rh2 Rg3 70. Kh7 Kf6 71. Rf2+ Ke7 72. Kg7 Rg1 73. Re2+ Kd6 74. Kf7 Rf1+ 75. Kg8 Rh1 76. g7 Rh3 77. Kf8 Rf3+ 78. Ke8 Rg3 79. Re7 Rg1 80. Kf8 Rg3 81. Rf7 1-0

[Event "LSS SE-2009-0-00034"]
[Site "LSS email"]
[Date "2009.12.02"]
[Round "?"]
[White "Tausnev, Bladimir"]
[Black "Saunders, Barrie"]
[Result "1-0"]
[WhiteElo "1232"]
[BlackElo "1336"]
[PlyCount "43"]
[EventDate "2009.09.30"]
[EventType "tourn (corr)"]
[EventRounds "6"]
[EventCountry "GER"]
[SourceTitle "Corr 2022"]
[Source "ChessBase"]
[SourceDate "2021.10.24"]
[SourceVersion "1"]
[SourceVersionDate "2021.10.24"]
[SourceQuality "1"]

1. d4 d6 2. e4 g6 3. Nc3 c6 4. f4 d5 5. Nf3 dxe4 6. Nxe4 Bg7 7. Bc4 Bg4 8. Bxf7+ Kf8 9. Neg5 Nh6 10. Bb3 Ke8 11. 0-0 Na6 12. c3 Nc7 13. h3 Bc8 14. Ne5 Nd5 15. g4 Qc7 16. Qf3 Qd6 17. c4 Nf6 18. Be3 Rf8 19. Rad1 Bh8 20. c5 Qc7 21. d5 Nxd5 22. Rxd5 1-0

[Event "LSS ZL-2009-0-00618"]
[Site "LSS email"]
[Date "2009.11.29"]
[Round "?"]
[White "Saunders, Barrie"]
[Black "Molano Lafuente, Ismael"]
[Result "0-1"]
[WhiteElo "1320"]
[BlackElo "1369"]
[PlyCount "46"]
[EventDate "2009.11.19"]
[EventType "match (corr)"]
[EventRounds "2"]
[EventCountry "GER"]
[SourceTitle "Telechess CBM 137"]
[Source "ChessBase"]
[SourceDate "2010.07.15"]
[SourceVersion "1"]
[SourceVersionDate "2010.07.15"]
[SourceQuality "1"]

1. e4 Nc6 2. Bc4 e6 3. Nc3 Nf6 4. Nf3 d5 5. exd5 exd5 6. Bb5 Bd6 7. Qe2+ Qe7 8. 0-0 0-0 9. Bxc6 bxc6 10. d4 Qxe2 11. Nxe2 Ba6 12. Re1 Rfe8 13. Ng3 Rxe1+ 14. Nxe1 Re8 15. Bg5 Ne4 16. Nxe4 Rxe4 17. c3 Re2 18. Rb1 f6 19. Be3 g5 20. Nf3 Kf7 21. h3 Bd3 22. Rd1 Rxb2 23. g3 Be2 0-1

[Event "LSS RE-2009-0-00026"]
[Site "LSS email"]
[Date "2009.08.10"]
[Round "?"]
[White "Saunders, Barrie"]
[Black "Murphy, Jones"]
[Result "1-0"]
[WhiteElo "1357"]
[BlackElo "1249"]
[PlyCount "39"]
[EventDate "2009.04.24"]
[EventType "tourn (corr)"]
[EventRounds "6"]
[EventCountry "GER"]
[SourceTitle "Corr 2011"]
[Source "ChessBase"]
[SourceDate "2010.08.31"]
[SourceVersion "1"]
[SourceVersionDate "2010.08.31"]
[SourceQuality "1"]

1. e4 Nf6 2. Bc4 Nxe4 3. Bxf7+ Kxf7 4. Qh5+ g6 5. Qd5+ e6 6. Qxe4 Bg7 7. Nf3 Rf8 8. d4 d5 9. Qd3 Nc6 10. 0-0 Kg8 11. Nc3 a6 12. Be3 Bd7 13. Ne2 Ne7 14. Nf4 Rf6 15. Qd2 Nf5 16. a4 Qf8 17. Nd3 Nd6 18. Nfe5 Be8 19. Nc5 b6 20. Ncd7 1-0

[Event "LSS RE-2009-0-00026"]
[Site "LSS email"]
[Date "2009.08.10"]
[Round "?"]
[White "Saunders, Barrie"]
[Black "Visser, Bob"]
[Result "1/2-1/2"]
[WhiteElo "1357"]
[BlackElo "1401"]
[PlyCount "107"]
[EventDate "2009.04.24"]
[EventType "tourn (corr)"]
[EventRounds "6"]
[EventCountry "GER"]
[SourceTitle "Corr 2011"]
[Source "ChessBase"]
[SourceDate "2010.08.31"]
[SourceVersion "1"]
[SourceVersionDate "2010.08.31"]
[SourceQuality "1"]

1. e4 e5 2. Bc4 Nf6 3. d4 exd4 4. Nf3 Nc6 5. 0-0 Nxe4 6. Re1 d5 7. Bxd5 Qxd5 8. Nc3 Qa5 9. Nxe4 Be6 10. Nxd4 Nxd4 11. Bg5 Nc6 12. a3 Be7 13. b4 Qd5 14. Qxd5 Bxd5 15. b5 Nd4 16. Bxe7 Kxe7 17. Rad1 Nxc2 18. Re2 Bxe4 19. Rxe4+ Kf6 20. Rf4+ Kg6 21. Rg4+ Kh6 22. Rh4+ Kg5 23. Rc4 Nxa3 24. Rc3 Nxb5 25. Rd5+ Kf6 26. Rxb5 b6 27. Rc6+ Ke7 28. Rxc7+ Ke6 29. f4 Rhf8 30. Rb1 Rfc8 31. Rb7 Rcb8 32. Re1+ Kf6 33. Rd7 g6 34. f5 a5 35. fxg6 Kxg6 36. Re3 a4 37. Rg3+ Kf6 38. Rf3+ Ke6 39. Rfxf7 Re8 40. Rxh7 a3 41. Rd1 a2 42. Rh6+ Kf5 43. Ra1 Ra6 44. Rh4 Re4 45. Rh5+ Kf4 46. Kf2 Rd4 47. Ke2 Rd7 48. Rb5 Rg7 49. g3+ Kg4 50. Kd3 Rf7 51. Rb2 Ra3+ 52. Kc4 Rc7+ 53. Kb5 Rca7 54. Kxb6 1/2-1/2

[Event "LSS SD-2009-0-00030"]
[Site "LSS email"]
[Date "2009.05.22"]
[Round "?"]
[White "Saunders, Barrie"]
[Black "Jenneborg, Seved"]
[Result "0-1"]
[WhiteElo "1538"]
[BlackElo "1567"]
[PlyCount "90"]
[EventDate "2009.03.08"]
[EventType "tourn (corr)"]
[EventRounds "6"]
[EventCountry "GER"]
[SourceTitle "Corr 2011"]
[Source "ChessBase"]
[SourceDate "2010.08.31"]
[SourceVersion "1"]
[SourceVersionDate "2010.08.31"]
[SourceQuality "1"]

1. e4 d5 2. exd5 Qxd5 3. d4 e5 4. Be3 Nc6 5. c4 Qa5+ 6. Bd2 Bb4 7. d5 Nd4 8. Bd3 Nf6 9. Bxb4 Qxb4+ 10. Qd2 Qb6 11. Nc3 0-0 12. Nge2 c6 13. 0-0 cxd5 14. Nxd4 dxc4 15. Bxc4 exd4 16. Ne2 Rd8 17. b3 Bg4 18. Rfe1 Rac8 19. Rac1 Re8 20. Nf4 Bf5 21. Nd5 Nxd5 22. Bxd5 Rxc1 23. Qxc1 Rxe1+ 24. Qxe1 Be6 25. Qe5 Qc5 26. Qb8+ Qc8 27. Qxc8+ Bxc8 28. Kf1 b6 29. Ke2 Bf5 30. b4 Kf8 31. Kf3 Ke7 32. a3 f6 33. Kf4 Bc2 34. Be4 g5+ 35. Kf3 Bd1+ 36. Kg3 h5 37. f3 Ke6 38. Kf2 f5 39. Bd3 h4 40. g3 Ke5 41. Bb1 a6 42. Bd3 b5 43. Bb1 Bb3 44. Bd3 Bc4 45. Bb1 hxg3+ 0-1

[Event "LSS SD-2009-0-00030"]
[Site "LSS email"]
[Date "2009.05.20"]
[Round "?"]
[White "Hanson, Andrew"]
[Black "Saunders, Barrie"]
[Result "1-0"]
[WhiteElo "1478"]
[BlackElo "1404"]
[PlyCount "37"]
[EventDate "2009.03.08"]
[EventType "tourn (corr)"]
[EventRounds "6"]
[EventCountry "GER"]
[SourceTitle "Corr 2011"]
[Source "ChessBase"]
[SourceDate "2010.08.31"]
[SourceVersion "1"]
[SourceVersionDate "2010.08.31"]
[SourceQuality "1"]

1. e4 d6 2. d4 g6 3. f4 c5 4. Nf3 cxd4 5. Nxd4 Bg7 6. Nc3 Nf6 7. e5 dxe5 8. fxe5 Nfd7 9. e6 Ne5 10. Bb5+ Nbc6 11. exf7+ Kxf7 12. 0-0+ Bf6 13. Nxc6 Nxc6 14. Qe1 Kg7 15. Be3 Qc7 16. Nd5 Qe5 17. Rd1 Qxb2 18. Bxc6 bxc6 19. Nxf6 1-0